El apego y la pérdida
Saved in:
| 主要作者: | |
|---|---|
| 格式: | 圖書 |
| 語言: | 西班牙语 |
| 出版: |
Barcelona
Paidós
1993
|
| 版: | 1a. ed |
| 叢編: | Paidós Psicología Profunda, 50
|
| 主題: | |
| 標簽: |
添加標簽
沒有標簽, 成為第一個標記此記錄!
|
MARC
| LEADER | 00000cam a2200000 a 4500 | ||
|---|---|---|---|
| 001 | UCD2570 | ||
| 003 | CL-VaPUC | ||
| 008 | 160428e19930000sp |||||||||||||||||spa|d | ||
| 020 | |a 9788475099095 | ||
| 082 | 0 | 4 | |a 152.4 |b BOW |2 21 |
| 100 | 0 | |a Bowlby, John |e author |9 585931 | |
| 245 | 1 | 3 | |a El apego y la pérdida |
| 250 | |a 1a. ed | ||
| 300 | |a 464 p | ||
| 942 | |c BK | ||
| 945 | |d 20160428 21:50:00 |a arojas | ||
| 260 | |a Barcelona |b Paidós |c 1993 | ||
| 500 | |a v.3: La pérdida tristeza y depresión | ||
| 650 | 0 | |a Psicoanálisis |9 265702 | |
| 650 | 7 | |a PSICOLOGIA AFECTIVA |2 CL-VaPUC |9 585932 | |
| 650 | 0 | |a Naturaleza humana |9 308593 | |
| 650 | 0 | |a Psicología |9 257863 | |
| 650 | 7 | |a CARACTERISTICAS PSICOLOGICAS |2 CL-VaPUC |9 336177 | |
| 583 | |a last modification |c 20160428 21:50:00 |k Rodrigo Vera | ||
| 490 | 0 | |a Paidós Psicología Profunda, 50 | |
| 999 | |c 363724 |d 363722 | ||
| 952 | |0 0 |1 0 |3 erb |4 0 |6 152_400000000000000_BOW_1993 |7 0 |8 A |9 476388 |a BIBGIM |b BIBGIM |h v.3 |i 528449K |o 152.4 BOW 1993 |p 528449K |r 2025-01-15 |w 2019-11-24 |y BK |z Catalogado en:20160428 |k SSL | ||